| 000 | 00526nam a2200181Ia 4500 | ||
|---|---|---|---|
| 008 | 151018s9999 xx 000 0 und d | ||
| 082 |
_bRBASDV5255 _a891.2 |
||
| 100 | _aभवभूती | ||
| 245 | _aमहावीर चरितम | ||
| 250 | _b1 | ||
| 260 |
_bशिराळकर आणि कं . _c1950 |
||
| 300 | _a142 | ||
| 600 | _aभवभूती | ||
| 630 | _aमहावीर चरितम | ||
| 700 | _aभवभूती | ||
| 730 | _aमहावीर चरितम | ||
| 942 | _cBOOK | ||
| 999 |
_c1007638 _d1007635 |
||